Der Nachlaß Samuel von Brukenthals
| Titel: | Der Nachlaß Samuel von Brukenthals : Einblicke in Haushalt und Lebenswelt eines siebenbürgischen Gouverneurs der Barockzeit / hrsg. Monica Vlaicu und Konrad Gündisch |
|---|---|
| Beteiligt: | |
| Ausgabe: | 1. Auflage |
| Veröffentlicht: | Hermannstadt : Hora Verlag, 2007 |
| Umfang: | X, 192, [16] Seiten : Illustrationen ; 240 mm x 170 mm |
| Format: | Buch |
| Sprache: | Deutsch |
| Schriftenreihe/ mehrbändiges Werk: |
Quellen zur Geschichte der Stadt Hermannstadt ; 4 |
| RVK-Notation: | |
| ISBN: | 9783929848625 ; 9789738226661 ; 3929848627 |
| Hinweise zum Inhalt: |
Inhaltsverzeichnis
|
alg: 19233572 001A $03004:22-11-07 001B $01999:10-05-25 $t18:24:56.000 001D $03004:07-12-07 001U $0utf8 001X $00 002@ $0Aau 002C $aText $btxt $2rdacontent 002D $aohne Hilfsmittel zu benutzen $bn $2rdamedia 002E $aBand $bnc $2rdacarrier 003@ $0192335723 003O $0263671346 $aOCoLC 004A $A978-3-929848-62-5 $fGb. : EUR 25.30 004A $A978-973-8226-66-1 004A $03-929848-62-7 $fGb. : EUR 25.30 004K $09783929848625 006G $0984210741 006T $007,N24,2641 006U $009,A05,0098 $f20070515 007A $0984210741 $aDNB 007G $0DE02038C06C5A0D67FA2AC1257BEB0038E94A 007T $0Herdhh192335723 009P $qapplication/pdf $A2 $3Inhaltsverzeichnis $uhttp://scans.hebis.de/HEBCGI/show.pl?19233572_toc.pdf $mV:DE-603;B:DE-Mb50 010@ $ager 011@ $a2007 $n2007 013D $RVerzeichnis $RKatalog $RInventur $#Inventories $#Inventaires $#Repertorium Inventar $#Bestandsverzeichnis Formschlagwort $#Findbuch Inventar $74027540-1 $8Inventar [Ts1] $9085070408 021A $aDer @Nachlaß Samuel von Brukenthals $dEinblicke in Haushalt und Lebenswelt eines siebenbürgischen Gouverneurs der Barockzeit $hhrsg. Monica Vlaicu und Konrad Gündisch 028C $BHerausgeber $4edt $7113807317 $8Vlaicu, Monica [Tp3] $9148165176 032@ $a1. Auflage 033A $pHermannstadt $nHora Verlag 034D $aX, 192, [16] Seiten 034I $a240 mm x 170 mm 034M $aIllustrationen 036E $aQuellen zur Geschichte der Stadt Hermannstadt $l4 036F $x14 $8Quellen zur Geschichte der Stadt Hermannstadt $9105961965 $l4 044K $qDNB $#Bruckenthal, Samuel von $#Bruckenthal, Samuel a $7118516027 $8Brukenthal, Samuel$cvon$Z1721-1803 [Tp1] $9086857126 044K $qDNB $RUnveröffentlichtes Werk $RVorlass $#Nachlässe $74123811-4 $8Nachlass [Ts1] $9085410543 045E $c010 $c020 $c640 045F $a016.643 $eDDC22ger 045F/01 $a016 045F/02 $a643 045G $a306.09498 $eDDC23BSB 045G/01 $a306.09 045G/03 $g498 045Z $8NR 9620 [Tkv] $9410932817 lok: 19233572 24 101B $007-12-07 $t08:48:33.000 101C $007-12-07 101U $0utf8 145Z/01 $a55 13 M 145Z/02 $a55 8 S 5 145Z/03 $a55 3 K exp: 19233572 24 1 #EPN 201B/01 $007-12-07 $t08:48:33.000 201C/01 $022-11-07 201U/01 $0utf8 203@/01 $0511085710 208@/01 $a07-12-07 $bz 209A/01 $a07.5626 $du $f050 $h07 5626 $x00 209C/01 $a07.5626 G $h07 5626 G 209G/01 $a71833313 $x00 220C/01 $ahae 247C/01 $8358050-7Marburg, Bibliothek des Herder-Instituts Marburg $9102600961 lok: 19233572 78 exp: 19233572 78 1 #EPN 201B/01 $020-12-17 $t22:56:24.000 201U/01 $0utf8 203@/01 $0793299349 208@/01 $a12-11-16 $be 209A/01 $a/ $f000 $x00 220C/01 $aTitelaufnehmer: gk 237A/01 $aweiterführende Signatur(en): HI 07.5626 244Z/01 $2Trx $#Ungari $#Vengrija $#Ungārija $#Ungarn $#Hungary $#Węgry $#Maďarsko $#Maďarsko $#Uhorsko $#Uhersko;Uhry $8--Trx--Magyarország $x01 $9391197150 244Z/01 $#Siebenbürgen $#Siebenbürgen $#Fürstentum Siebenbürgen $#Transsilvanien $#Transsylvanien $#Transilvania $#Transylvania $#Ardeal $#Erdély $#Siedmiogród $#Sedmohradsko $#Sedmihradsko $74054835-1 $8--Tg1--Siebenbürgen $x02 $9085152552 244Z/01 $2Trx $8--Trx--Brukenthal, Samuel von$Z1721-1803 $x03 $9390970182 244Z/01 $2Trx $#kogud $#kolekcijos $#Collections $#gyüjtemények $#zbiory $#zbierky $#sbírky $#Kunstsammlungen $#umelecké zbierky $8--Trx--Sammlungen $x04 $9391383078 244Z/01 $2Trx $#igapäevaelu $#kasdieninis gyvenimas $#everyday life $#mindennapi élet $#życie codzienne $#život každodenný $#život každodenní $8--Trx--Alltagsleben $x05 $9391363026 244Z/01 $2Trx $#kultuur, materiaalne $#materialinė kultūra $#Culture, material $#kultúra, anyagi $#kultura materialna $#kultúra hmotná $#kultura hmotná $8--Trx--Kultur, materielle $x06 $9391382977 244Z/01 $2Trx $#barokk $#barokas $#Baroque $#barokk $#barok $#baroko $#baroko $8--Trx--Barock $x07 $9391357646 244Z/01 $2Trx $#pärand, vara $#palikimai $#Estates, inheritances $#hagyatékok $#spuścizny $#pozostalosti $#pozůstalosti $8--Trx--Nachlässe $x08 $9391370243 244Z/01 $2Trx $8--Trx--Monographie $x09 $9391384546 245Z/01 $a12.03 $x01 247C/01 $82080>Marburg/Lahn, Herder-Institut, Forschungsbibliothek, Bibliographieportal $9336309341 lok: 19233572 204 exp: 19233572 204 1 #EPN 201B/01 $004-08-16 $t11:26:19.000 201C/01 $023-06-16 201U/01 $0utf8 203@/01 $0776484680 208@/01 $a23-06-16 $bzUB 209A/01 $a000 NR 9620 S571 V865 $du $f000 $x00 209G/01 $a61991026 $x00 245S/01 $a10200 $x01 247C/01 $8631000-x <26>Gießen, Universität Gießen, Universitätsbibliothek Gießen $9102596697
| LEADER | 00000cam a2200000 c 4500 | ||
|---|---|---|---|
| 001 | 192335723 | ||
| 003 | DE-603 | ||
| 005 | 20250510182456.0 | ||
| 007 | tu | ||
| 008 | 071122s2007 xx |||| | u00||u|ger | ||
| 015 | |a 09,A05,0098 |z 07,N24,2641 |2 dnb | ||
| 016 | 7 | |2 DE-101 |a 984210741 | |
| 020 | |a 9783929848625 |c Gb. : EUR 25.30 | ||
| 020 | |a 9789738226661 | ||
| 020 | |a 3929848627 |c Gb. : EUR 25.30 | ||
| 024 | 3 | |a 9783929848625 | |
| 035 | |a (DE-599)DNB984210741 | ||
| 035 | |a (OCoLC)263671346 | ||
| 040 | |a DE-603 |b ger |c DE-603 |d DE-603 | ||
| 041 | |a ger | ||
| 082 | 0 | 4 | |8 1\u |a 016.643 |q DE-101 |2 22/ger |
| 083 | 0 | |8 2\u |a 306.09498 |q DE-101 |2 23/BSB | |
| 084 | |a 010 |a 020 |a 640 |q DE-101 |2 sdnb | ||
| 084 | |a NR 9620 |0 (DE-625)130296: |0 (DE-603)410932817 |2 rvk | ||
| 085 | |8 1\u |b 016 | ||
| 085 | |8 1\u |s 643 | ||
| 085 | |8 2\u |b 306.09 | ||
| 085 | |8 2\u |z 2 |s 498 | ||
| 245 | 0 | 0 | |a Der Nachlaß Samuel von Brukenthals |b Einblicke in Haushalt und Lebenswelt eines siebenbürgischen Gouverneurs der Barockzeit |c hrsg. Monica Vlaicu und Konrad Gündisch |
| 250 | |a 1. Auflage | ||
| 264 | 1 | |a Hermannstadt |b Hora Verlag |c 2007 | |
| 300 | |a X, 192, [16] Seiten |b Illustrationen |c 240 mm x 170 mm | ||
| 336 | |a Text |b txt |2 rdacontent | ||
| 337 | |a ohne Hilfsmittel zu benutzen |b n |2 rdamedia | ||
| 338 | |a Band |b nc |2 rdacarrier | ||
| 490 | 1 | |a Quellen zur Geschichte der Stadt Hermannstadt |v 4 | |
| 600 | 1 | 7 | |a Brukenthal, Samuel von |d 1721-1803 |0 (DE-588)118516027 |0 (DE-603)086857126 |2 gnd |
| 650 | 7 | |a Nachlass |0 (DE-588)4123811-4 |0 (DE-603)085410543 |2 gnd | |
| 655 | 7 | |a Inventar |2 gnd-content |0 (DE-588)4027540-1 |0 (DE-603)085070408 | |
| 700 | 1 | |a Vlaicu, Monica |e Herausgeber |4 edt |0 (DE-603)148165176 |0 (DE-588)113807317 |2 gnd | |
| 830 | 0 | |t Quellen zur Geschichte der Stadt Hermannstadt |v 4 |w (DE-603)105961965 |w (DE-600)2261384-5 |9 14 |7 as | |
| 856 | 4 | 2 | |m V:DE-603;B:DE-Mb50 |q application/pdf |u http://scans.hebis.de/HEBCGI/show.pl?19233572_toc.pdf |3 Inhaltsverzeichnis |
| 924 | 0 | |9 Mb 50 |a (DE-603)511085710 |b DE-Mb50 |c HES |d c |g 07.5626 | |
| 924 | 0 | |9 2080 |a (DE-603)793299349 |b DE-2080 |c HES |d d |g / | |
| 924 | 0 | |9 26 |a (DE-603)776484680 |b DE-26 |c HES |d c |g 000 NR 9620 S571 V865 | |


